00557nam a22002057a 4500003000400000008004100004020001800045082001800063100001500081245004200096260003700138300001100175650002100186650002100207650003900228650002700267650002900294700001400323700001400337OSt260624b |||||||| |||| 00| 0 eng d a9788197361296 a631.584bG42B aGhosal, A. aBasics of Natural FarmingcGhosal, A. aNew DelhibTTPP, New Delhic2024 a166 p. aNatural farming. aOrganic farming. aNatural farming Handbooks, manuals aNatural farming India. aSustainable agriculture. aKarak, S. aThapa, U.